[Event "Pont Major Gerunda op 1st"]
[Site "Pont Major"]
[Date "2016.04.15"]
[Round "2"]
[White "Rodriguez Balmana, Jaume"]
[Black "Vidal Zamora, Alex"]
[Result "0-1"]
[WhiteElo "1799"]
[BlackElo "2252"]
[PlyCount "64"]
[EventDate "2016.04.08"]
[EventType "swiss"]
[EventRounds "9"]
[EventCountry "ESP"]
[SourceTitle "EXT 2017"]
[Source "ChessBase"]
[SourceDate "2016.10.25"]
[SourceVersion "1"]
[SourceVersionDate "2016.10.25"]
[SourceQuality "1"]

1. b3 e5 2. Bb2 Nc6 3. e3 Nf6 4. c4 a6 5. Nc3 d5 6. cxd5 Nxd5 7. Bc4 Nb6 8. Be2 Bf5 9. a3 Be7 10. d3 Qd7 11. Qc2 0-0 12. Nf3 Rfd8 13. Rd1 f6 14. 0-0 Qe8 15. b4 Qf7 16. Rd2 Nc4 17. Rdd1 Rd7 18. Nh4 Nxb2 19. Qxb2 Be6 20. Nf3 Qf8 21. Rc1 a5 22. d4 axb4 23. axb4 exd4 24. Nxd4 Nxd4 25. exd4 Bxb4 26. Ra1 Rxa1 27. Rxa1 Rxd4 28. Ra7 Qd6 29. Rxb7 Bxc3 30. Qxc3 Rd1+ 31. Bf1 Rxf1+ 32. Kxf1 Qd1+ 0-1

[Event "Santa Eugenia op 10th"]
[Site "Santa Eugenia"]
[Date "2015.??.??"]
[Round "8"]
[White "Clot Chico, Arnau"]
[Black "Rodriguez Balmana, Jaume"]
[Result "1/2-1/2"]
[WhiteElo "1818"]
[BlackElo "1956"]
[PlyCount "63"]
[EventDate "2015.04.17"]
[EventType "swiss"]
[EventRounds "9"]
[EventCountry "ESP"]
[SourceTitle "EXT 2016"]
[Source "ChessBase"]
[SourceDate "2015.10.08"]
[SourceVersion "1"]
[SourceVersionDate "2015.10.08"]
[SourceQuality "1"]

1. e4 e5 2. Nf3 d6 3. Bc4 Be6 4. Bxe6 fxe6 5. d4 exd4 6. Nxd4 Qd7 7. Nc3 Nf6 8. Be3 Nc6 9. Qe2 Be7 10. 0-0-0 a6 11. f4 e5 12. Nf3 exf4 13. Bxf4 0-0-0 14. e5 Qf5 15. Bg3 dxe5 16. Nxe5 Nd4 17. Qf2 Qxf2 18. Bxf2 Ne6 19. Rde1 Rhf8 20. Nf3 Ng4 21. Rxe6 Nxf2 22. Rhe1 Bb4 23. R1e2 Bxc3 24. Rxf2 Bf6 25. c3 Rfe8 26. Rxe8 Rxe8 27. Kd2 Kd7 28. Kd3 Re6 29. Nd2 Rd6+ 30. Kc2 Re6 31. Kd3 Rd6+ 32. Kc2 1/2-1/2

[Event "Santa Eugenia op 10th"]
[Site "Santa Eugenia"]
[Date "2015.??.??"]
[Round "7"]
[White "Rodriguez Balmana, Jaume"]
[Black "Sole Benegues, Jordi"]
[Result "1-0"]
[WhiteElo "1956"]
[BlackElo "1862"]
[PlyCount "91"]
[EventDate "2015.04.17"]
[EventType "swiss"]
[EventRounds "9"]
[EventCountry "ESP"]
[SourceTitle "EXT 2016"]
[Source "ChessBase"]
[SourceDate "2015.10.08"]
[SourceVersion "1"]
[SourceVersionDate "2015.10.08"]
[SourceQuality "1"]

1. b3 e5 2. Bb2 Nc6 3. e3 d5 4. Bb5 Bf5 5. Bxe5 f6 6. Bb2 a6 7. Bxc6+ bxc6 8. Nf3 Bd6 9. Nd4 Bd7 10. Qh5+ g6 11. Qf3 Be5 12. c3 Nh6 13. h3 Nf7 14. Qe2 0-0 15. Nf3 Bf5 16. d4 Bd6 17. Ba3 Re8 18. Bxd6 cxd6 19. Nbd2 Qa5 20. b4 Qb6 21. 0-0 Re7 22. a3 Qb7 23. c4 Ng5 24. Nxg5 fxg5 25. cxd5 cxd5 26. Rfc1 Qd7 27. Rc3 g4 28. hxg4 Bxg4 29. f3 Bf5 30. Rac1 Qa4 31. Qd1 Qe8 32. Kf2 Qf7 33. f4 Rae8 34. g4 Be4 35. Nxe4 Rxe4 36. g5 Qe6 37. Qf3 Qd7 38. Rc7 Qa4 39. Qh3 h5 40. gxh6 Rxe3 41. Qxe3 Rxe3 42. Kxe3 Kh8 43. R1c3 Qe8+ 44. Kd2 Qe4 45. Rc8+ Kh7 46. R3c7+ 1-0